000 01149cam a2200313 a 4500
999 _c234203
_d234203
001 11821042
003 Nust
005 20170316163136.0
008 990506r19991875pk 000 0 eng
010 _a 99921722
020 _a969350738X
025 _aP-E-99921722; 07
035 _a(DLC) 99921722
040 _aDLC
_cDLC
_dDLC
042 _alcode
043 _aa-cc---
_aa-ii---
050 0 0 _aDS793.S62
_bB36 1999
082 0 0 _a954.6
_221
100 1 _aBellew, H. W.
_q(Henry Walter),
_d1834-1892.
245 1 0 _aKashmir and Kashghar :
_ba narrative of the journey of the Embassy to Kashghar in 1873-74 /
_cby H.W. Bellew.
260 _aLahore :
_bSang-e-Meel Publications,
_c1999.
300 _axix, 419 p. ;
_c22 cm.
500 _aOriginally published: London: Trübner & Co., 1875.
651 0 _aXinjiang Uygur Zizhiqu (China)
_xDescription and travel.
651 0 _aJammu and Kashmir (India)
_xDescription and travel.
906 _a7
_bcbc
_corigode
_d3
_encip
_f19
_gy-gencatlg
942 _2ddc
_cBK